Biggest cities in the world - Statistics

General Stats
  • This quiz has been taken 30 times
  • The average score is 33 of 43
Answer Stats
Answer % Correct
11M London
96%
37M Tokyo
96%
32M Delhi
93%
24M Mumbai
93%
11M Paris
93%
18M Beijing
89%
21M Mexico
89%
17M Moscow
89%
21M New York
89%
24M Shanghai
89%
20M Cairo
85%
18M Dhaka
85%
14M Istanbul
85%
33M Jakarta
85%
15M Los Angeles
85%
24M Manilla
85%
23M Sao Paulo
85%
12M Wuhan
85%
15M Ho Chi Minh
81%
16M Lagos
81%
15M Osaka
81%
12M Rio De Janeiro
81%
26M Guangzhou
78%
10M Lima
78%
23M Seoul
78%
18M Bangkok
74%
10M Bogotá
74%
16M Buenos Aires
74%
15M Karachi
74%
21M Kolkata
74%
14M Tehran
74%
14M Johannesburg
70%
12M Lahore
70%
15M Bengaluru
67%
12M Chennai
63%
12M Kinshasa
63%
20M Chengdu
59%
12M Xi'an
59%
12M Chongqing
56%
10M Hyderabad
52%
17M Shenzhen
52%
10M Tianjin
48%
10M Dongguan
11%
No matching quizzes found
Score Distribution
Percent of People with Each Score
Percentile by Number Answered
Your Score History
You have not taken this quiz